| 000 | 00744nam a22002417a 4500 | ||
|---|---|---|---|
| 003 | UA-OsUOA | ||
| 001 | 50228 | ||
| 007 | ta | ||
| 008 | 20071108b un ||||| |||| 00| 0 ukr d | ||
| 100 | _aВедищева Н. П. | ||
| 090 |
_a343.13:343.159 _bВ26 |
||
| 942 | _cBK | ||
| 040 |
_aUA-OsUOA _brus _cUA-OsUOA _dUA-OsUOA |
||
| 245 |
_aОшибки правосудия и их устранение _b(уголовно-процессуальные аспекты) |
||
| 300 | _a432 с. | ||
| 955 | _a2 | ||
| 041 | _arus | ||
| 080 | _a343.13:343.159 | ||
| 020 | _a978-5-93295-277 | ||
| 260 |
_aМ. _bЮрлитинфорум _c2007 |
||
| 650 | 7 |
_a343 Кримінальне право. Карні порушення _2UDC |
|
| 999 |
_c336332 _d336332 |
||